Catálogo público

Estimación de variables dasométricas a partir de datos lidiar de árboles individuales de pinus hartwegii Lin en el Oriente del Monte Tláloc, Texcoco, Estado de México / (Record no. 218696)

MARC details
000 -CABECERA
campo de control de longitud fija 03081nam a2200313 a 4500
003 - IDENTIFICADOR DEL NÚMERO DE CONTROL
campo de control OSt
005 - FECHA Y HORA DE LA ÚLTIMA TRANSACCIÓN
campo de control 20260210112100.0
007 - CAMPO FIJO DE DESCRIPCIÓN FÍSICA--INFORMACIÓN GENERAL
campo de control de longitud fija cr ||||||a|c|a
008 - DATOS DE LONGITUD FIJA--INFORMACIÓN GENERAL
campo de control de longitud fija 230508s |||a|||fom||| 001 0 spa d
040 ## - FUENTE DE LA CATALOGACIÓN
Normas de descripción rda
100 ## - ENTRADA PRINCIPAL--NOMBRE DE PERSONA
9 (RLIN) 186926
Nombre de persona Cruz Juárez, Eduardo
245 1# - MENCIÓN DE TÍTULO
Título Estimación de variables dasométricas a partir de datos lidiar de árboles individuales de pinus hartwegii Lin en el Oriente del Monte Tláloc, Texcoco, Estado de México /
Mención de responsabilidad, etc. por Eduardo Cruz Juárez; director de tesis Fabián Islas Gutiérrez.
264 ## - PRODUCCIÓN, PUBLICACIÓN, DISTRIBUCIÓN, FABRICACIÓN Y COPYRIGHT
Producción, publicación, distribución, fabricación y copyright Chapingo, México :
Nombre del de productor, editor, distribuidor, fabricante El autor,
Fecha de producción, publicación, distribución, fabricación o copyright 2019.
300 ## - DESCRIPCIÓN FÍSICA
Extensión 1 recurso en línea (60 páginas).
Otras características físicas cuadros, figuras.
336 ## - TIPO DE CONTENIDO
Fuente rdacontent
Término de tipo de contenido texto
Código de tipo de contenido txt
337 ## - TIPO DE MEDIO
Fuente rdamedia
Nombre/término del tipo de medio computadora
Código del tipo de medio c
338 ## - TIPO DE SOPORTE
Fuente rdacarrier
Nombre/término del tipo de soporte recurso en línea
Código del tipo de soporte cr
502 ## - NOTA DE TESIS
Tipo de título Ingeniería Forestal
Nombre de la institución que otorga el título División de Ciencias Forestales,
Año de obtención del título 2019.
Información miscelánea Licenciatura
504 ## - NOTA DE BIBLIOGRAFÍA, ETC.
Nota de bibliografía, etc. Incluye referencias bibliográficas: páginas 46-49.
520 ## - SUMARIO, ETC.
Sumario, etc. Los datos LIDAR (Detección y medición de la luz) pueden ser manipulados para obtener información de las variables de interés forestal, como pueden ser altura total, altura de fuste limpio, diámetro de copa, la estructura vertical y horizontal del arbolado. FUSION® es un software libre para procesar este tipo de datos. En el presente trabajo se estimaron variables dasométricas a partir datos LiDAR y datos medidos en campo de árboles individuales de Pinus hartwegii lindl. Se usó LIDAR aéreo para realizar mediciones directas desde la ventana LDV, estas fueron: la altura, altura de fuste limpio y diámetro de copa. El diámetro normal fue estimado con un modelo de regresión lineal múltiple utilizando la altura total y el diámetro de copa obtenidos de los datos LiDAR. La biomasa y carbono fueron obtenidos con los diámetros estimados. Todas estas mediciones fueron aplicadas para 60 árboles individuales distribuidos en una superficie de 1 km2 ubicada en Monte Tlaloc, municipio de Texcoco, Estado de México. Las mediciones obtenidas directamente con LIDAR y las estimadas se compararon con los datos obtenidos en campo. Las correlaciones para las variables tomadas directamente de FUSION fueron 0.99 para la altura, 0.93 para fuste limpio y 0.95 para la copa. La mediana de los errores de estas variables fue de 0.135 m, -1.125 m y -0.220 m respectivamente. Para las variables estimadas la correlación fue de 0.93 para diámetro normal y 0.90 para biomasa y carbono, con mediana de - 0.125cm para el diámetro, -7.66kg para la biomasa y -3.725kg para el carbono. Los datos LiDAR permiten obtener y estimar variables de interés forestal con una gran precisión y márgenes de errores pequeños.
650 #0 - PUNTO DE ACCESO ADICIONAL DE MATERIA--TÉRMINO DE MATERIA
9 (RLIN) 185910
Término de materia o nombre geográfico como elemento de entrada Pinus hartwegii
Subdivisión general Crecimiento
650 #2 - PUNTO DE ACCESO ADICIONAL DE MATERIA--TÉRMINO DE MATERIA
9 (RLIN) 130371
Término de materia o nombre geográfico como elemento de entrada Pino
Subdivisión general Variedades
-- Dasometría
650 #2 - PUNTO DE ACCESO ADICIONAL DE MATERIA--TÉRMINO DE MATERIA
9 (RLIN) 130250
Término de materia o nombre geográfico como elemento de entrada Árboles
Subdivisión general Medición
650 #2 - PUNTO DE ACCESO ADICIONAL DE MATERIA--TÉRMINO DE MATERIA
9 (RLIN) 131537
Término de materia o nombre geográfico como elemento de entrada Biomasa forestal
Subdivisión general Medición
650 #2 - PUNTO DE ACCESO ADICIONAL DE MATERIA--TÉRMINO DE MATERIA
9 (RLIN) 132308
Término de materia o nombre geográfico como elemento de entrada Bosques
Subdivisión general Secuestro de carbono
700 0# - PUNTO DE ACCESO ADICIONAL--NOMBRE DE PERSONA
9 (RLIN) 60597
Nombre de persona Islas Gutiérrez, Fabián
Término indicativo de función/relación Director de tesis.
856 ## - LOCALIZACIÓN Y ACCESO ELECTRÓNICOS
Identificador Uniforme del Recurso http://10.13.5.2/tesis/tl/Cruz_Juarez_Eduardo.pdf
Nota pública DESCARGAR PDF
942 ## - ELEMENTOS DE PUNTO DE ACCESO ADICIONAL (KOHA)
Fuente del sistema de clasificación o colocación Clasificación Universidad Autónoma Chapingo
Tipo de ítem Koha Tesis digital
Holdings
Estado de retiro Estado de pérdida Fuente del sistema de clasificación o colocación Estado dañado Restricciones de uso No para préstamo Código de colección Localización permanente Ubicación/localización actual Ubicación en estantería Fecha de adquisición Total de préstamos Signatura topográfica completa Fecha visto por última vez Precio válido a partir de Tipo de ítem Koha
    Clasificación Universidad Autónoma de Chapingo   Préstamo interno   Tesis digitales de Licenciatura Biblioteca Digital Biblioteca Digital En línea 27/08/2024   Tesis digital 27/08/2024 27/08/2024 Tesis digital